000 00475nam a2200169 i 4500
001 bg
100 1 _aSmoleński, Stanisław
_d(1936- ).
245 1 0 _aUmiejętności kierownicze /
_cStanisław Smoleński.
260 _aGdynia :
_bWydawnictwo Wyższej Szkoły Morskiej,
_c1992.
300 _a187 s. :
_brys. ;
_c21 cm.
504 _aBibliogr. s. 186-187.
040 _cBPK
041 _apol
080 _a65.012.4
942 _cKS
008 s pl f |000 0 pol
999 _c6328
_d6328
856 _uhttp://koha.tu.koszalin.pl/cgi-bin/koha/opac-detail.pl?biblionumber=6328
_yKatalog online BPK